Process management and technological innovation: a longitudinal study of the photography and paint industries (Record no. 56487)

000 -LEADER
fixed length control field 01744pab a2200193 454500
008 - FIXED-LENGTH DATA ELEMENTS--GENERAL INFORMATION
fixed length control field 180718b2002 xxu||||| |||| 00| 0 eng d
100 ## - MAIN ENTRY--PERSONAL NAME
Personal name Benner, Mary J.
245 ## - TITLE STATEMENT
Title Process management and technological innovation: a longitudinal study of the photography and paint industries
260 ## - PUBLICATION, DISTRIBUTION, ETC.
Date of publication, distribution, etc. 2002
300 ## - PHYSICAL DESCRIPTION
Extent p.676-706.
362 ## - DATES OF PUBLICATION AND/OR SEQUENTIAL DESIGNATION
Dates of publication and/or sequential designation Dec
520 ## - SUMMARY, ETC.
Summary, etc. This research explores the impact of process management activities on technological innovation. Drawing on research in organizational evolution and learning, we suggest that as these practices reduce variance in organizational routines and influence the selection of innovations, they enhance incremental innovation at the expense of exploratory innovation. We tested our hypotheses in a 2-year longitudinal study of patenting activity and ISO 9000 quality program certifications in the paint and photography industries. In both industries, the extent of process management activities in a firm was associated with an increase in both explitative innovations that built on existing firm knowledge and an increase in exploitation's share of total innovations. Our results suggest that exploitation crowds out exploration. We extend existing empirical research by capturing how process management activities influence the extent to which innovations build on existing firm knowledge. We suggest that these widely adopted organizational practices shift the balance of exploitation and exploration by focusing on efficiency, possibly at the expense of long-term adaptation. - Reproduced.
650 ## - SUBJECT ADDED ENTRY--TOPICAL TERM
Topical term or geographic name entry element Scientific innovations
650 ## - SUBJECT ADDED ENTRY--TOPICAL TERM
Topical term or geographic name entry element Total quality management
650 ## - SUBJECT ADDED ENTRY--TOPICAL TERM
Topical term or geographic name entry element Management
700 ## - ADDED ENTRY--PERSONAL NAME
Personal name Tushman, Michael
773 ## - HOST ITEM ENTRY
Main entry heading Administrative Science Quarterly
909 ## -
-- 56487
Holdings
Withdrawn status Lost status Damaged status Not for loan Permanent Location Current Location Date acquired Serial Enumeration / chronology Barcode Date last seen Price effective from Koha item type
        Indian Institute of Public Administration Indian Institute of Public Administration 2018-07-19 Volume no: 47, Issue no: 4 AR56932 2018-07-19 2018-07-19 Articles

Powered by Koha